Diseño de una solución integrada para el envío de paquetes, mediante empaques reutilizables bajo el marco de economía circular
Guardat en:
| Autor principal: | |
|---|---|
| Altres autors: | , |
| Format: | Llibre |
| Idioma: | Spanish |
| Publicat: |
[San José, Costa Rica]
2021
|
| Matèries: | |
| Etiquetes: |
Afegir etiqueta
Sense etiquetes, Sigues el primer a etiquetar aquest registre!
|
MARC
| LEADER | 00000nam a2200000Ia 4500 | ||
|---|---|---|---|
| 003 | 013802 | ||
| 005 | 20240315113211.0 | ||
| 008 | 140114s2021 cr a 000 ||spa d | ||
| 040 | |c cru CEDI | ||
| 100 | |a Berkovics Chaves, Estéfano, 1997- |9 2664 | ||
| 245 | |a Diseño de una solución integrada para el envío de paquetes, mediante empaques reutilizables bajo el marco de economía circular | ||
| 260 | |b [San José, Costa Rica] |c 2021 | ||
| 500 | |a Proyecto de graduación (licenciatura en ingeniería industrial)--Universidad de Costa Rica. Facultad de Ingeniería. Escuela de Ingeniería Industrial | ||
| 501 | |a Directora de Proyecto de Graduación: Inga. Melissa Pizarro Aguilar, M.Sc | ||
| 650 | |x EMPAQUE - ASPECTOS AMBIENTALES |x DESARROLLO SOSTENIBLE |x ECONOMIA CIRCULAR |x CONTROL DE CALIDAD |x INNOVACIONES TECNOLOGICAS |x CONTROL DE PROCESOS | ||
| 700 | |a Mendiboure Ferris, Javier, 1996- |9 2665 | ||
| 700 | |a Pizarro Aguilar, Melissa, 1984- |d Directora del TFG |9 675 | ||
| 942 | |c TFG |h TFG 8943 |i 013802 |6 TFG_8943_013802000000000 | ||
| 999 | |c 16907 |d 16907 | ||
